Αιγαιοπελαγίτες ολυμπιονίκες της αρχαιότητας = Aegean olympic victors in antiquity
Αποθηκεύτηκε σε:
| Συγγραφή απο Οργανισμό/Αρχή: | |
|---|---|
| Άλλοι συγγραφείς: | , |
| Μορφή: | Βιβλίο |
| Γλώσσα: | Greek English |
| Δημοσίευση: |
Αθήνα :
Υπουργείο Αιγαίου,
2001.
|
| Θέματα: | |
| Ετικέτες: |
Προσθήκη ετικέτας
Δεν υπάρχουν, Καταχωρήστε ετικέτα πρώτοι!
|
MARC
| LEADER | 00000cam a2200000 i 4500 | ||
|---|---|---|---|
| 001 | 1/31040 | ||
| 008 | 060614s2001####gr | | ||| |||| ||gre|| | ||
| 020 | |a 960-7859-30-8 | ||
| 035 | |l 10084303 | ||
| 040 | |a GR-MY-UA |b gre |e aacr | ||
| 041 | 0 | |a gre |a eng | |
| 082 | 0 | |a 796.42 |2 (22) | |
| 110 | 2 | |a Υπουργείο Αιγαίου. | |
| 245 | 1 | 0 | |a Αιγαιοπελαγίτες ολυμπιονίκες της αρχαιότητας = |b Aegean olympic victors in antiquity / |c κείμενα & επιμέλεια Νίκος Σταμπολίδης, Γιώργος Τασούλας ; Υπουργείο Αιγαίου. |
| 246 | 1 | |i Παράλληλος τίτλος: |a Aegean olympic victors in antiquity | |
| 260 | |a Αθήνα : |b Υπουργείο Αιγαίου, |c 2001. | ||
| 300 | |a 151 σ. : |b εικ. ; |c 32 εκ. | ||
| 504 | |a Περιέχει βιβλιογραφία. | ||
| 650 | 0 | 0 | |a Olympic games (Ancient) |
| 650 | 0 | 0 | |a Athletes |z Greece |x History. |
| 650 | 0 | 0 | |a Olympics in art. |
| 650 | 0 | 0 | |a Athletes in art. |
| 700 | 0 | |a Τασούλας, Γιώργος. |4 edt | |
| 700 | 1 | |4 edt |a Σταμπολίδης, Νικόλαος Χρ. | |
| 852 | |a INST |b LESVOS |e 20060614 |h 796.42 ΥΠΟ |p 005100037531 |q 005100037531 |t BK |y 0 | ||
| 901 | |a BIBL1-2006-2 | ||
| 909 | |a Λ |b 103471 | ||
| 970 | |a ΚΑΜΑΤΣΟΥ |b ΔΕΣΠΟΙΝΑ |z 2006/06/14 | ||